Land Cover Classification System (Registro nro. 8366)
[ vista simple ]
| 000 -CABECERA | |
|---|---|
| Campo de control | 01588nam a22003017a 4500 |
| 005 - FECHA Y HORA DE LA ULTIMA TRANSACCION | |
| Campo de control | 20160304181711.0 |
| 008 - ELEMENTOS DE LONGITUD FIJA—INFORMACION GENERAL | |
| Campo de control | 140407t2005 it ad gr|||| 00| 0 eng d |
| 020 ## - ISBN | |
| ISBN | 9251053278 |
| 041 ## - IDIOMA | |
| Código de idioma para texto/pista de sonido o título separado | Inglés |
| 044 ## - PAÍS DE PUBLICACIÓN | |
| País de publicación | Italia |
| 082 ## - NUMERO DE CLASIFICACION DECIMAL DEWEY | |
| Número de clasificación | 581.7 |
| Número del ítem | D57l |
| 100 1# - ASIENTO PRINCIPAL--NOMBRE PERSONAL | |
| Nombre personal | Di Gregorio, Antonio |
| 242 10 - TRADUCCION DEL TITULO POR LA AGENCIA CATALOGADORA | |
| Título | Sistema de Clasificación de Cobertura de la Tierra |
| Parte restante del título | conceptos de clasificación y manual del usuario |
| Mención de responsabilidad | A. Di Gregorio, Cooperazione Italiana, United Nations Environment Programme (UNEP), Food and Agriculture Organization of the United Nations (FAO) |
| Código de idioma del título traducido | spa |
| 245 10 - MENCION DE TITULO | |
| Título | Land Cover Classification System |
| Parte restante del título | classification concepts and user manual |
| Mención de responsabilidad | A. Di Gregorio, Cooperazione Italiana, United Nations Environment Programme (UNEP), Food and Agriculture Organization of the United Nations (FAO) |
| 250 ## - MENCION DE EDICION | |
| Resto de la mención de edición | Software v.2 |
| 260 3# - PUBLICACION, DISTRIBUCION, ETC. (PIE DE IMPRENTA) | |
| Lugar de publicación, distribución, etc. | Rome |
| Nombre del editor, distribuidor, etc. | Food and Agriculture Organization of the United Nations (FAO) |
| Fecha de publicación, distribución, etc. | 2005 |
| 300 ## - DESCRIPCION FISICA | |
| Extensión | 208 p. |
| Otros detalles físicos | il., fot., tablas |
| Dimensiones | 30 cm |
| Material acompañante | + 1 CD |
| 490 ## - MENCION DE SERIE | |
| Mención de serie | Environment and natural resources series |
| Designación numérica/secuencial del volumen | 8 |
| 504 ## - NOTA DE BIBLIOGRAFIA, ETC. | |
| Nota de bibliografía | Incluye bibliografía (páginas 91 - 93 ; 153 y 154) |
| 590 ## - NOTA LOCAL | |
| Nota local | 242 traducción por la agencia catalogadora ; <br/>Incluye un CD; CID - 034293 y CID - 034313 |
| 650 #0 - ASIENTO SECUNDARIO DE MATERIA - TERMINO TEMATICO | |
| Término temático o nombre geográfico como elemento de entrada | Uso de la tierra |
| Subdivisión de forma | Clasificación |
| 650 #0 - ASIENTO SECUNDARIO DE MATERIA - TERMINO TEMATICO | |
| Término temático o nombre geográfico como elemento de entrada | Clasificación vegetativa |
| 650 #0 - ASIENTO SECUNDARIO DE MATERIA - TERMINO TEMATICO | |
| Término temático o nombre geográfico como elemento de entrada | Cobertura de la tierra |
| 700 #2 - ASIENTO SECUNDARIO - NOMBRE PERSONAL | |
| Nombre personal | Cooperazione Italiana |
| 710 2# - ASIENTO SECUNDARIO - NOMBRE CORPORATIVO | |
| Nombre corporativo o de jurisdicción como elemento de entrada | United Nations Environment Programme (UNEP) |
| 710 2# - ASIENTO SECUNDARIO - NOMBRE CORPORATIVO | |
| Nombre corporativo o de jurisdicción como elemento de entrada | Organización de las Naciones Unidas para la Alimentación y la Agricultura (FAO) |
| 942 ## - ELEMENTOS ADICIONALES (KOHA) | |
| Sistema de clasificación | Dewey Decimal Classification |
| Tipo de ítem | Impreso |
| Withdrawn status | Lost status | Sistema de Clasificación | Damaged status | No para préstamo | Colección | Inventariado | Ubicación Permanente | Ubicación actual | Fecha de adquisición | Fuente de Valor | Valor | Total Checkouts | Número topográfico | Inventario / Código de Barras | Date last seen | Ejemplar | Price effective from | Forma de adquisición | Tipo de material |
|---|---|---|---|---|---|---|---|---|---|---|---|---|---|---|---|---|---|---|---|
| Dewey Decimal Classification | General | Inventariado 2017 | Bogotá | Bogotá | 07/04/2014 | Instituto | 15000.00 | LB-581.7 D57l | 034292 | 07/04/2014 | Ej. 1 | 07/04/2014 | Libro | ||||||
| Dewey Decimal Classification | General | Inventariado 2017 | Sala Fabio Quevedo | Sala Fabio Quevedo | 07/04/2014 | Instituto | 15000.00 | LB-581.7 D57l | 034312 | 07/04/2014 | Ej. 2 | 07/04/2014 | Libro |